Gaming Quiz

Random Gaming or Anime Quiz

Pokémon: Eeveelution Silhouettes Quiz Stats

 Plays Quiz Updated Jun 2, 2018

Challenge
Share
Tweet
Score 0/9 Timer 01:00
10 Plays Today
% Correct
Jolteon
94.5%
Eevee
93.1%
Flareon
90.8%
Vaporeon
89.7%
Umbreon
86.1%
Espeon
85.8%
Leafeon
85.6%
Glaceon
85.2%
Sylveon
84.7%

You're not logged in!

Compare scores with friends on all Sporcle quizzes.
Join for Free
OR
Log In

You Might Also Like...

Show Comments

Extras

Top Quizzes Today


Score Distribution

Your Account Isn't Verified!

In order to create a playlist on Sporcle, you need to verify the email address you used during registration. Go to your Sporcle Settings to finish the process.

Report this User

Report this user for behavior that violates our Community Guidelines.

Details: